000 00520nam a2200217Ia 4500
008 170918s9999 xx 000 0 und d
020 _a9780064450782
050 _bA411 1988
100 _aAliki.
245 _aDigging up dinosaurs /
245 _cby Aliki.
250 _aRevised edition.
260 _aNew York :
260 _bScholastic,
260 _c1988
300 _a32 pages :
300 _bcolored illustration ;
300 _c17cm.
440 _aLet's-read-and-find-out science.
500 _a490
999 _c342845
_d342845